| 000 | 00000nam##2200000za#4500 |
| 001 | 9.599663 |
| 003 | CaOODSP |
| 005 | 20240501092931 |
| 007 | cr ||||||||||| |
| 008 | 150406|2002||||xxc|||||o f|0| 0 fre|d |
| 040 | |aCaOODSP|bfre |
| 043 | |an-cn--- |
| 086 | 1 |aPS83-3/133F-PDF |
| 110 | 2 |aService correctionnel Canada. |
| 245 | 10|aLes prédicteurs de la révocation de la liberté sous condition chez les délinquantes toxicomanes / |h[ressource électronique]|c[par] Paul Verbrugge ... [et al]. |
| 260 | |bService correctionnel Canada |cNovembre 2002. |
| 300 | |a46p.|bgraphiques, références, tableaux |
| 490 | 1 |aRapport de recherche|vR-133 |
| 590 | |a10-14-Supp|b2010-12-03 |
| 720 | 1 |aJohnson, Sara |
| 720 | 1 |aVerbrugge, Paul |
| 720 | 1 |aTaylor, Kelly |
| 720 | 1 |aNunes, Kevin |
| 775 | 08|tPredictors of revocation of conditional release among substance abusing women offenders / |w(CaOODSP)9.568375 |
| 830 | #0|aRapport de recherche (Service correctionnel Canada. Direction de la recherche)|vR-133|w(CaOODSP)9.502465 |
| 856 | 40|ahttp://publications.gc.ca|qPDF|s140 Ko|uhttps://publications.gc.ca/collections/collection_2010/scc-csc/PS83-3-133-fra.pdf|yR-133 |